| 000 | 00493nam a22001697a 4500 | ||
|---|---|---|---|
| 003 | OSt | ||
| 005 | 20260331032532.0 | ||
| 008 | 260331b |||||||| |||| 00| 0 eng d | ||
| 020 | _a9712713482 | ||
| 040 |
_aDWCL GS lib _cOC |
||
| 082 | _aRes.(Fil.) 808.882 N436g 2003 | ||
| 100 | _aNem Signh, Rosario P. | ||
| 245 | _aMga Gintong Salita | ||
| 300 |
_a75 pages: _c13cm. |
||
| 546 | _aEnglish | ||
| 942 |
_2ddc _cBK-0 CIRC _hRes.(Fil.) 808.882 N436g 2003 _n0 |
||
| 999 |
_c9308 _d9308 |
||